01142cam a22002651 4500001001300000003000400013005001700017008004100034010001700075035001900092040005000111042001200161050002400173100004400197245006300241260008800304300002200392440002200414500021300436504003000649651004400679650002400723710011200747999001700859pa 56000033 DLC20260227111853.0761210s1956 dcu b f000 0 eng c apa 56000033  a(OCoLC)2611218 aPan American Union. LibrarycFU-LdOCoLCdDLC apremarc00aJX506b 1956, no. 22 aLópez-Lavalle, María Esther,ecomp.10aBilateral treaty developments in Latin America, 1953-1955. aWashington,bLegal Division, Dept. of International Law, Pan American Union,c1956. av, 158 p.c28 cm. 0aTreaty series,v2 aContinuation of Bilateral treaty developments in Latin America, 1938-1948, by the Division of Legal Affairs, and Bilateral treaty developments in Latin America, 1942-1952, by the Division of Law and Treaties. aBibliography: p. 150-158. 0aLatin AmericaxPolitics and government. 0aTreatiesvCatalogs.2 aPan American Union.bDivision of Legal Affairs.tBilateral treaty developments in Latin America, 1938-1948. c51307d51307